000
00312nam a2200145Ia 4500
100
_a
Kulkarni
650
_a
General
942
_c
BK
654
_a
Model Question
245
_a
Model Question With Solustions
260
_b
Pragati Prakashan
_a
Pune
_c
1984
082
_a
540
300
_a
63
546
_a
ENGLISH
999
_c
33468
_d
33468